[Event "NB2 Erkel csoport"]
[Site "Dunaharaszti"]
[Date "2024.12.01"]
[Round "3.8"]
[White "Farkas, Sara"]
[Black "Dezso, Edmond Bence"]
[Result "1/2-1/2"]
[WhiteElo "1728"]
[BlackElo "1616"]
[PlyCount "48"]
[GameId "2120213474775952"]
[EventDate "2024.11.03"]
[EventType "team-tourn"]
[EventRounds "11"]
[EventCountry "HUN"]
[Source "chess.hu"]
[WhiteTeam "Dunaharaszti MTK II."]
[BlackTeam "Godolloi SBE"]
[WhiteTeamCountry "HUN"]
[BlackTeamCountry "HUN"]

1. d4 Nf6 2. c4 g6 3. Nc3 Bg7 4. e4 d6 5. Be2 O-O 6. Be3 Nbd7 7. h3 e5 8. d5 b6 9. Nf3 Nc5 10. Qc2 a5 11. O-O Nh5 12. Ne1 Nf4 13. Bxf4 exf4 14. Nd3 Nxd3 15. Qxd3 f5 16. Rac1 Qe7 17. Bf3 Qg5 18. Kh2 Bd7 19. Rfe1 Rae8 20. Rc2 Re7 21. Rce2 Rfe8 22. b3 Qf6 23. Nb5 Bxb5 24. cxb5 Qd4 1/2-1/2

[Event "NB2 Erkel csoport"]
[Site "Dunaharaszti"]
[Date "2024.12.01"]
[Round "3.9"]
[White "Torocsik, Ferenc"]
[Black "Varhegyi, Abel"]
[Result "1/2-1/2"]
[WhiteElo "1640"]
[BlackElo "1737"]
[PlyCount "81"]
[GameId "2120213524964256"]
[EventDate "2024.11.03"]
[EventType "team-tourn"]
[EventRounds "11"]
[EventCountry "HUN"]
[Source "chess.hu"]
[WhiteTeam "Godolloi SBE"]
[BlackTeam "Dunaharaszti MTK II."]
[WhiteTeamCountry "HUN"]
[BlackTeamCountry "HUN"]

1. d4 d5 2. c4 c6 3. Nf3 Nf6 4. Nc3 e6 5. Bf4 Bb4 6. e3 Ne4 7. Qb3 Qb6 8. Rc1 Bxc3+ 9. bxc3 Nd7 10. Bd3 Ndf6 11. h3 O-O 12. O-O Qxb3 13. axb3 dxc4 14. Bxc4 b5 15. Bd3 Bb7 16. Rfd1 a6 17. Ne5 c5 18. f3 Nxc3 19. Rxc3 cxd4 20. Rcc1 Nd5 21. Be4 dxe3 22. Bxd5 Bxd5 23. Rd3 f6 24. Nc6 Rf7 25. Nb4 Bb7 26. Bxe3 a5 27. Na2 b4 28. Bb6 Bd5 29. Rc5 Rb7 30. Rxa5 Rxa5 31. Bxa5 Ra7 32. Nxb4 Rxa5 33. Nxd5 exd5 34. Kf2 Kf7 35. Ke3 Ke6 36. Rd4 g5 37. g3 Rb5 38. Rd3 Ke5 39. f4+ gxf4+ 40. gxf4+ Ke6 41. Rc3 1/2-1/2

[Event "NB2 Erkel csoport"]
[Site "Gyongyossolymos"]
[Date "2024.12.01"]
[Round "3.1"]
[White "Bravin, Alexey"]
[Black "Blasko, Istvan"]
[Result "1/2-1/2"]
[WhiteElo "2069"]
[BlackElo "2241"]
[PlyCount "60"]
[GameId "2119488459458330"]
[EventDate "2024.11.03"]
[EventType "team-tourn"]
[EventRounds "11"]
[EventCountry "HUN"]
[Source "chess.hu"]
[WhiteTeam "Fot SE-LearningChess"]
[BlackTeam "Kekesi SE II"]
[WhiteTeamCountry "HUN"]
[BlackTeamCountry "HUN"]

1. e4 c5 2. Nf3 d6 3. Bb5+ Bd7 4. Bxd7+ Qxd7 5. c4 Nc6 6. d4 cxd4 7. Nxd4 Nf6 8. Nc3 g6 9. f3 Bg7 10. Be3 O-O 11. b3 Ne8 12. Rc1 Nc7 13. O-O Nxd4 14. Bxd4 Bh6 15. Rc2 Rfc8 16. a4 Ne6 17. Nd5 Nxd4 18. Qxd4 Bg7 19. Qd3 e6 20. Ne3 Qc6 21. Kh1 Qb6 22. Rd1 Rc6 23. Re2 a6 24. f4 Qb4 25. Nc2 Qc5 26. h3 Rb8 27. Nd4 Rb6 28. Nc2 Rc8 29. Qe3 Bh6 30. g3 Qxe3 1/2-1/2

[Event "NB2 Erkel csoport"]
[Site "Gyongyossolymos"]
[Date "2024.12.01"]
[Round "3.2"]
[White "Egyed, Andras"]
[Black "Gubics, Peter"]
[Result "1/2-1/2"]
[WhiteElo "2191"]
[BlackElo "2015"]
[PlyCount "32"]
[GameId "2119488501528364"]
[EventDate "2024.11.03"]
[EventType "team-tourn"]
[EventRounds "11"]
[EventCountry "HUN"]
[Source "chess.hu"]
[WhiteTeam "Kekesi SE II"]
[BlackTeam "Fot SE-LearningChess"]
[WhiteTeamCountry "HUN"]
[BlackTeamCountry "HUN"]

1. d4 Nf6 2. Nf3 g6 3. g3 Bg7 4. Bg2 O-O 5. O-O d5 6. Nbd2 c5 7. dxc5 Nbd7 8. Nb3 e5 9. Ne1 Nb8 10. c4 dxc4 11. Qxd8 Rxd8 12. Na5 Nc6 13. Nxc4 Bg4 14. Bf3 Bh3 15. Bg2 Bg4 16. Bf3 Bh3 1/2-1/2

[Event "NB2 Erkel csoport"]
[Site "Gyongyossolymos"]
[Date "2024.12.01"]
[Round "3.3"]
[White "Bokros, Istvan"]
[Black "Harmatosi, Jozsef"]
[Result "1/2-1/2"]
[WhiteElo "1964"]
[BlackElo "2061"]
[PlyCount "95"]
[GameId "2119488541603644"]
[EventDate "2024.11.03"]
[EventType "team-tourn"]
[EventRounds "11"]
[EventCountry "HUN"]
[Source "chess.hu"]
[WhiteTeam "Fot SE-LearningChess"]
[BlackTeam "Kekesi SE II"]
[WhiteTeamCountry "HUN"]
[BlackTeamCountry "HUN"]

1. e4 e6 2. d4 d5 3. Nc3 Nc6 4. Nf3 Nf6 5. Bg5 Be7 6. e5 Ne4 7. Bxe7 Qxe7 8. a3 Nxc3 9. bxc3 Na5 10. Bb5+ Bd7 11. Qe2 a6 12. Bxd7+ Qxd7 13. O-O Rc8 14. Nd2 c5 15. Nb3 Nxb3 16. cxb3 cxd4 17. cxd4 O-O 18. Rac1 Rc6 19. Qb2 Rfc8 20. g3 Qc7 21. Rxc6 Qxc6 22. Rd1 Qc3 23. Qb1 g5 24. Rd3 Qc1+ 25. Qxc1 Rxc1+ 26. Kg2 g4 27. h3 h5 28. hxg4 hxg4 29. f4 Rc2+ 30. Kf1 Kg7 31. Ke1 Kg6 32. Kd1 Ra2 33. a4 b5 34. axb5 axb5 35. Rc3 Rb2 36. Rd3 b4 37. Re3 Kf5 38. Kc1 Ra2 39. Kd1 Ra7 40. Ke1 Rc7 41. Kd2 Rc8 42. Kd1 Rh8 43. Ke1 Rh2 44. Kd1 Rh1+ 45. Kd2 Rg1 46. Ke2 Rg2+ 47. Ke1 Rc2 48. Kd1 1/2-1/2

[Event "NB2 Erkel csoport"]
[Site "Gyongyossolymos"]
[Date "2024.12.01"]
[Round "3.4"]
[White "Mozes, Ervin"]
[Black "Piroska, Istvan"]
[Result "1/2-1/2"]
[WhiteElo "2016"]
[BlackElo "1939"]
[PlyCount "49"]
[GameId "2119488580183884"]
[EventDate "2024.11.03"]
[EventType "team-tourn"]
[EventRounds "11"]
[EventCountry "HUN"]
[Source "chess.hu"]
[WhiteTeam "Kekesi SE II"]
[BlackTeam "Fot SE-LearningChess"]
[WhiteTeamCountry "HUN"]
[BlackTeamCountry "HUN"]

1. g3 Nf6 2. Bg2 g6 3. e4 d6 4. Ne2 e5 5. c3 Bg7 6. d4 O-O 7. h3 Nc6 8. Be3 a5 9. O-O b6 10. f4 Bb7 11. fxe5 dxe5 12. d5 Nb8 13. c4 Qe7 14. Nbc3 Nfd7 15. Nb5 Nc5 16. d6 cxd6 17. Qxd6 Qxd6 18. Nxd6 Ba6 19. Rad1 Nc6 20. Nb5 Rad8 21. Nec3 Nd4 22. b3 f5 23. Bg5 Rd7 24. exf5 gxf5 25. Na4 1/2-1/2

[Event "NB2 Erkel csoport"]
[Site "Gyongyossolymos"]
[Date "2024.12.01"]
[Round "3.5"]
[White "Meszaros, Matyas"]
[Black "Onodi, Miklos"]
[Result "1/2-1/2"]
[WhiteElo "2018"]
[BlackElo "2063"]
[PlyCount "83"]
[GameId "2119488627435356"]
[EventDate "2024.11.03"]
[EventType "team-tourn"]
[EventRounds "11"]
[EventCountry "HUN"]
[Source "chess.hu"]
[WhiteTeam "Fot SE-LearningChess"]
[BlackTeam "Kekesi SE II"]
[WhiteTeamCountry "HUN"]
[BlackTeamCountry "HUN"]

1. d4 d5 2. c4 c6 3. cxd5 cxd5 4. Nc3 Nf6 5. Bf4 Nc6 6. e3 Bf5 7. Qb3 Na5 8. Qa4+ Bd7 9. Qc2 Rc8 10. Bd3 e6 11. Nf3 Be7 12. h3 O-O 13. O-O Qb6 14. Qe2 a6 15. Ne5 Bc6 16. Rab1 Nd7 17. Rfd1 Nxe5 18. Bxe5 Qd8 19. b4 Nc4 20. Bxc4 dxc4 21. e4 Bd6 22. Bxd6 Qxd6 23. a4 b5 24. axb5 axb5 25. Qh5 Qd7 26. d5 exd5 27. exd5 Bb7 28. Qg4 Rfd8 29. Qxd7 Rxd7 30. Nxb5 Rxd5 31. Rxd5 Bxd5 32. Nc3 Ba8 33. b5 Kf8 34. Rd1 Ke7 35. Rd4 Ke6 36. f4 Bb7 37. Kf2 Rc5 38. g4 g6 39. Ke3 h5 40. g5 h4 41. Kf2 Ke7 42. Rd2 1/2-1/2

[Event "NB2 Erkel csoport"]
[Site "Gyongyossolymos"]
[Date "2024.12.01"]
[Round "3.6"]
[White "Domany, Mihaly"]
[Black "Nadassy, Attila"]
[Result "1/2-1/2"]
[WhiteElo "2035"]
[BlackElo "1943"]
[PlyCount "29"]
[GameId "2119488665835372"]
[EventDate "2024.11.03"]
[EventType "team-tourn"]
[EventRounds "11"]
[EventCountry "HUN"]
[Source "chess.hu"]
[WhiteTeam "Kekesi SE II"]
[BlackTeam "Fot SE-LearningChess"]
[WhiteTeamCountry "HUN"]
[BlackTeamCountry "HUN"]

1. c4 Nf6 2. Nc3 c6 3. g3 d5 4. cxd5 cxd5 5. d4 g6 6. Bg2 Nc6 7. Nf3 Bg7 8. O-O O-O 9. e3 Bg4 10. h3 Bxf3 11. Bxf3 Qd7 12. Kh2 Rfd8 13. Bg2 Rac8 14. Bd2 a6 15. Na4 1/2-1/2

[Event "NB2 Erkel csoport"]
[Site "Gyongyossolymos"]
[Date "2024.12.01"]
[Round "3.7"]
[White "Vrona, Mihail"]
[Black "Foldi, Martin"]
[Result "0-1"]
[WhiteElo "1908"]
[BlackElo "2094"]
[PlyCount "64"]
[GameId "2119488702101372"]
[EventDate "2024.11.03"]
[EventType "team-tourn"]
[EventRounds "11"]
[EventCountry "HUN"]
[Source "chess.hu"]
[WhiteTeam "Fot SE-LearningChess"]
[BlackTeam "Kekesi SE II"]
[WhiteTeamCountry "HUN"]
[BlackTeamCountry "HUN"]

1. g3 e5 2. Bg2 d5 3. d3 Nc6 4. e4 dxe4 5. Bxe4 Nf6 6. Bg2 Bg4 7. f3 Bh5 8. Be3 Nd5 9. Bf2 f5 10. Nd2 Bb4 11. a3 Be7 12. Qe2 O-O 13. h4 Bf6 14. Nh3 Nd4 15. Bxd4 exd4 16. O-O Ne3 17. Rfe1 g5 18. hxg5 Bxg5 19. Nxg5 Qxg5 20. Qf2 f4 21. Ne4 Qg7 22. g4 Bg6 23. Qh4 Bxe4 24. dxe4 Rf6 25. Qh5 Rc6 26. Qb5 Rb6 27. Qd3 h5 28. Kf2 hxg4 29. Rg1 Rxb2 30. Rac1 c5 31. e5 g3+ 32. Ke1 Re8 0-1

[Event "NB2 Erkel csoport"]
[Site "Gyongyossolymos"]
[Date "2024.12.01"]
[Round "3.8"]
[White "Kovacs, Daniel"]
[Black "Illes, Attila"]
[Result "1/2-1/2"]
[WhiteElo "1988"]
[BlackElo "1887"]
[PlyCount "27"]
[GameId "2119488758368140"]
[EventDate "2024.11.03"]
[EventType "team-tourn"]
[EventRounds "11"]
[EventCountry "HUN"]
[Source "chess.hu"]
[WhiteTeam "Kekesi SE II"]
[BlackTeam "Fot SE-LearningChess"]
[WhiteTeamCountry "HUN"]
[BlackTeamCountry "HUN"]

1. e4 e5 2. Nf3 Nc6 3. Bc4 Bc5 4. d3 d6 5. Bg5 Nge7 6. h3 h6 7. Bh4 Be6 8. Bb3 Qd7 9. Bxe7 Qxe7 10. Nc3 Nd4 11. Bxe6 fxe6 12. Nxd4 Bxd4 13. Qh5+ Kd7 14. Qe2 1/2-1/2

[Event "NB2 Erkel csoport"]
[Site "Gyongyossolymos"]
[Date "2024.12.01"]
[Round "3.9"]
[White "Schmelowszky, David"]
[Black "Lengyel, Laszlo"]
[Result "1/2-1/2"]
[WhiteElo "1901"]
[BlackElo "2014"]
[PlyCount "101"]
[GameId "2119488794146716"]
[EventDate "2024.11.03"]
[EventType "team-tourn"]
[EventRounds "11"]
[EventCountry "HUN"]
[Source "chess.hu"]
[WhiteTeam "Fot SE-LearningChess"]
[BlackTeam "Kekesi SE II"]
[WhiteTeamCountry "HUN"]
[BlackTeamCountry "HUN"]

1. e4 d5 2. exd5 Qxd5 3. Nc3 Qd6 4. d4 Nf6 5. Nf3 a6 6. g3 b5 7. Bg2 Bb7 8. O-O e6 9. Re1 Be7 10. Bf4 Qd8 11. Qe2 O-O 12. Rad1 Bb4 13. Bd2 Nbd7 14. Ne4 Bxd2 15. Nfxd2 Rb8 16. Nxf6+ Nxf6 17. Ne4 Nxe4 18. Bxe4 Bd5 19. Qf3 c6 20. b3 Qa5 21. Ra1 b4 22. Qd3 g6 23. Rec1 Rfd8 24. Bxd5 Rxd5 25. c4 Rd7 26. Qe4 Qb6 27. Rd1 Rbd8 28. c5 Qb5 29. Rd2 Rd5 30. Rad1 e5 31. Qe3 exd4 32. Rxd4 Qxc5 33. Rxd5 Rxd5 34. Qe2 Rxd1+ 35. Qxd1 Qd5 36. Qe2 a5 37. h4 h5 38. Kh2 Qd4 39. Kg2 Kg7 40. Qc2 Qc3 41. Qe2 Qc5 42. Qb2+ f6 43. Kh2 Kf7 44. Qd2 Qd5 45. Qe2 Qd4 46. Qc2 c5 47. Kg1 f5 48. Qe2 Qe4 49. Qb5 Qb1+ 50. Kh2 Qxa2 51. Qd7+ 1/2-1/2

[Event "NB2 Erkel csoport"]
[Site "Gyongyossolymos"]
[Date "2024.12.01"]
[Round "3.10"]
[White "Horvath, Zoltan"]
[Black "Andreeva, Elena"]
[Result "1-0"]
[WhiteElo "1990"]
[BlackElo "1969"]
[PlyCount "97"]
[GameId "2119488838428588"]
[EventDate "2024.11.03"]
[EventType "team-tourn"]
[EventRounds "11"]
[EventCountry "HUN"]
[Source "chess.hu"]
[WhiteTeam "Kekesi SE II"]
[BlackTeam "Fot SE-LearningChess"]
[WhiteTeamCountry "HUN"]
[BlackTeamCountry "HUN"]

1. e4 c5 2. f4 d5 3. e5 e6 4. Nf3 Nh6 5. d3 Be7 6. Be3 Qb6 7. b3 Nc6 8. Be2 Ng4 9. Bg1 Qa5+ 10. Qd2 Nb4 11. c3 Nc6 12. h3 Nh6 13. Bf2 b5 14. O-O O-O 15. d4 cxd4 16. cxd4 Bb4 17. Qb2 Ba6 18. a3 Be7 19. b4 Qb6 20. Nbd2 Bb7 21. Nb3 a5 22. Nc5 axb4 23. axb4 Rxa1 24. Rxa1 Ra8 25. Rxa8+ Bxa8 26. Qa3 Bb7 27. Nd2 Nf5 28. Ndb3 Bxc5 29. bxc5 Qa6 30. Qxa6 Bxa6 31. g4 Nfe7 32. Be1 Kf8 33. Kf2 Ke8 34. Ke3 Kd7 35. Bd3 g6 36. Na5 Nxa5 37. Bxa5 Nc6 38. Be1 Ne7 39. Bh4 h6 40. Bxe7 Kxe7 41. g5 h5 42. Kd2 Kd7 43. Kc2 Kc7 44. Kb3 Kb7 45. Kb4 Ka7 46. Bxb5 Bxb5 47. Kxb5 Kb7 48. h4 Kc7 49. c6 1-0

[Event "NB2 Erkel csoport"]
[Site "Gyongyossolymos"]
[Date "2024.12.01"]
[Round "3.11"]
[White "Rozsa, Sandor"]
[Black "Kovacs, Veronika"]
[Result "1/2-1/2"]
[WhiteElo "1870"]
[BlackElo "1786"]
[PlyCount "55"]
[GameId "2119488878327740"]
[EventDate "2024.11.03"]
[EventType "team-tourn"]
[EventRounds "11"]
[EventCountry "HUN"]
[Source "chess.hu"]
[WhiteTeam "Fot SE-LearningChess"]
[BlackTeam "Kekesi SE II"]
[WhiteTeamCountry "HUN"]
[BlackTeamCountry "HUN"]

1. e4 c6 2. d4 d5 3. e5 c5 4. c3 Nc6 5. Bb5 cxd4 6. cxd4 Bf5 7. Ne2 e6 8. O-O Nge7 9. Nbc3 a6 10. Bd3 Bxd3 11. Qxd3 Nf5 12. a3 Be7 13. b4 b5 14. Bb2 O-O 15. Rac1 Qd7 16. Nd1 Rac8 17. Ne3 Nxe3 18. Qxe3 a5 19. bxa5 Nxa5 20. Rxc8 Rxc8 21. Rc1 Nc4 22. Qb3 Ra8 23. Nc3 Nxa3 24. Bxa3 Bxa3 25. Rb1 b4 26. Na2 Qe7 27. g3 h6 28. Nxb4 1/2-1/2

[Event "NB2 Erkel csoport"]
[Site "Budapest"]
[Date "2024.12.01"]
[Round "3.1"]
[White "Miszler, Levente"]
[Black "Reviczki, Roland"]
[Result "1-0"]
[WhiteElo "2254"]
[BlackElo "2249"]
[PlyCount "123"]
[GameId "2119377157293402"]
[EventDate "2024.11.03"]
[EventType "team-tourn"]
[EventRounds "11"]
[EventCountry "HUN"]
[Source "chess.hu"]
[WhiteTeam "EUTender-Sinus-SDSE"]
[BlackTeam "TFSE"]
[WhiteTeamCountry "HUN"]
[BlackTeamCountry "HUN"]

1. d4 Nf6 2. c4 g6 3. Nc3 Bg7 4. e4 d6 5. h3 O-O 6. Be3 e5 7. d5 Nbd7 8. g4 Nc5 9. f3 c6 10. Qd2 cxd5 11. cxd5 Bd7 12. Nge2 Qa5 13. Rb1 Na4 14. b4 Qd8 15. Nxa4 Bxa4 16. Nc3 Be8 17. Bd3 Nd7 18. O-O Nb6 19. Rfc1 Bd7 20. Nb5 Bxb5 21. Bxb5 f5 22. Bd3 f4 23. Bf2 Bf6 24. Qe1 h5 25. Rc2 Rf7 26. Rbc1 hxg4 27. hxg4 Rh7 28. Bf1 Bh4 29. Bxh4 Rxh4 30. Rc7 Rh7 31. Qc3 Rd7 32. Rxd7 Qxd7 33. Qc7 Rd8 34. Bb5 Qc8 35. a4 a6 36. a5 Qxc7 37. Rxc7 Na8 38. Rxb7 axb5 39. Rxb5 Kf7 40. Rb7+ Kf6 41. b5 Kg5 42. b6 Rc8 43. Rh7 Nxb6 44. axb6 Rc1+ 45. Kf2 Rb1 46. b7 Rb2+ 47. Ke1 Rb1+ 48. Kd2 Rb2+ 49. Kc3 Rb1 50. Kc4 Rb2 51. Rd7 Kh4 52. Rxd6 Rxb7 53. Rxg6 Rc7+ 54. Rc6 Rf7 55. d6 Kg3 56. Kd5 Kxf3 57. g5 Kg4 58. Rc7 Rf8 59. g6 Kg5 60. g7 Rg8 61. Kxe5 f3 62. Rf7 1-0

[Event "NB2 Erkel csoport"]
[Site "Budapest"]
[Date "2024.12.01"]
[Round "3.2"]
[White "Laszlo, Csaba"]
[Black "Nemeth, Zalan"]
[Result "1/2-1/2"]
[WhiteElo "2088"]
[BlackElo "2286"]
[PlyCount "109"]
[GameId "2119377676097041"]
[EventDate "2024.11.03"]
[EventType "team-tourn"]
[EventRounds "11"]
[EventCountry "HUN"]
[Source "chess.hu"]
[WhiteTeam "TFSE"]
[BlackTeam "EUTender-Sinus-SDSE"]
[WhiteTeamCountry "HUN"]
[BlackTeamCountry "HUN"]

1. e4 c5 2. Nf3 Nc6 3. d4 cxd4 4. Nxd4 e6 5. Nc3 Qc7 6. g3 a6 7. Bg2 Nf6 8. O-O Nxd4 9. Qxd4 Bc5 10. Qd3 Ng4 11. Qe2 h5 12. Bf4 d6 13. h3 Ne5 14. Be3 Bd7 15. Bxc5 Qxc5 16. a4 h4 17. g4 Rc8 18. Kh1 O-O 19. f4 Nc4 20. Nd1 Nb6 21. c3 Bxa4 22. Qe1 Bxd1 23. Rxd1 Nc4 24. b4 Qe3 25. Qxh4 Qxc3 26. Rf3 Qxb4 27. g5 Nb2 28. Re1 Rc5 29. Qg3 Rfc8 30. Rb3 Qd2 31. Rxb7 Nd3 32. Rf1 Rc1 33. g6 Rxf1+ 34. Bxf1 Nf2+ 35. Kg1 Nxe4 36. gxf7+ Kf8 37. Qh4 Qe3+ 38. Kh2 Qf2+ 39. Qxf2 Nxf2 40. Bxa6 Rc2 41. Bb5 Ne4+ 42. Kg1 Rb2 43. Rb8+ Kxf7 44. Be8+ Ke7 45. Rxb2 Kxe8 46. Rb7 Kf8 47. Kg2 e5 48. fxe5 dxe5 49. Kf3 Nf6 50. Rb5 Kf7 51. Rxe5 Kg6 52. Kf4 Nh5+ 53. Kg4 Nf6+ 54. Kf4 Nh5+ 55. Kg4 1/2-1/2

[Event "NB2 Erkel csoport"]
[Site "Budapest"]
[Date "2024.12.01"]
[Round "3.3"]
[White "Dudas, Janos"]
[Black "Adorjan, Attila"]
[Result "1-0"]
[WhiteElo "2333"]
[BlackElo "1960"]
[PlyCount "57"]
[GameId "2119377634252289"]
[EventDate "2024.11.03"]
[EventType "team-tourn"]
[EventRounds "11"]
[EventCountry "HUN"]
[Source "chess.hu"]
[WhiteTeam "EUTender-Sinus-SDSE"]
[BlackTeam "TFSE"]
[WhiteTeamCountry "HUN"]
[BlackTeamCountry "HUN"]

1. d4 d6 2. c4 Nf6 3. Nc3 g6 4. Nf3 Bg7 5. Bg5 O-O 6. e3 c5 7. Be2 Qb6 8. Qd2 Bf5 9. Bxf6 exf6 10. h3 Re8 11. O-O Nc6 12. Rfd1 Rad8 13. Nd5 Qa5 14. Qxa5 Nxa5 15. b4 cxb4 16. Nxb4 Be4 17. Nd2 Nc6 18. Nxe4 Nxb4 19. Nc3 f5 20. Rab1 a5 21. a3 Nc2 22. Rd2 Nxe3 23. fxe3 Rxe3 24. Nb5 Bh6 25. Rc2 Bf4 26. Rf1 Bg3 27. Rf3 Rde8 28. Rxe3 Rxe3 29. Rc3 1-0

[Event "NB2 Erkel csoport"]
[Site "Budapest"]
[Date "2024.12.01"]
[Round "3.4"]
[White "Gabula, Adam"]
[Black "Szieberth, Adam"]
[Result "0-1"]
[WhiteElo "2053"]
[BlackElo "2251"]
[PlyCount "112"]
[GameId "2119377595192817"]
[EventDate "2024.11.03"]
[EventType "team-tourn"]
[EventRounds "11"]
[EventCountry "HUN"]
[Source "chess.hu"]
[WhiteTeam "TFSE"]
[BlackTeam "EUTender-Sinus-SDSE"]
[WhiteTeamCountry "HUN"]
[BlackTeamCountry "HUN"]

1. e4 c5 2. Nf3 e6 3. d4 cxd4 4. Nxd4 a6 5. c4 Nf6 6. Nc3 Qa5 7. Bd3 Nc6 8. Nxc6 dxc6 9. O-O Bd6 10. Be3 Qh5 11. Qxh5 Nxh5 12. f4 e5 13. f5 Nf6 14. c5 Bc7 15. h3 h5 16. Na4 Bd7 17. Rad1 O-O-O 18. Bg5 Rdf8 19. Bc2 Nh7 20. Be7 Re8 21. Bd6 Nf6 22. Rf3 h4 23. Re3 Rh6 24. Bb3 Bxd6 25. Rxd6 Re7 26. Nb6+ Kc7 27. Red3 Rh8 28. Rd1 Bc8 29. Bc2 Nd7 30. Na4 a5 31. a3 b5 32. cxb6+ Nxb6 33. Nxb6 Kxb6 34. Ba4 Bb7 35. Kf2 f6 36. Kf3 Rh5 37. b4 axb4 38. axb4 Kc7 39. R6d3 Rg5 40. Re3 g6 41. fxg6 Rxg6 42. Rc1 Reg7 43. g4 hxg3 44. Kg2 Rd7 45. Bxc6 Bxc6 46. b5 f5 47. bxc6 Rd2+ 48. Kg1 f4 49. Rec3 Rh2 50. Ra3 Rxc6 51. Ra7+ Kb6 52. Ra6+ Kxa6 53. Rxc6+ Kb7 54. Re6 f3 55. Rf6 f2+ 56. Kf1 Rh1+ 0-1

[Event "NB2 Erkel csoport"]
[Site "Budapest"]
[Date "2024.12.01"]
[Round "3.5"]
[White "Lehmann, Zoltan"]
[Black "Suto, Gabor"]
[Result "1/2-1/2"]
[WhiteElo "2272"]
[BlackElo "2091"]
[PlyCount "22"]
[GameId "2119377559692769"]
[EventDate "2024.11.03"]
[EventType "team-tourn"]
[EventRounds "11"]
[EventCountry "HUN"]
[Source "chess.hu"]
[WhiteTeam "EUTender-Sinus-SDSE"]
[BlackTeam "TFSE"]
[WhiteTeamCountry "HUN"]
[BlackTeamCountry "HUN"]

1. d4 Nf6 2. c4 g6 3. Nc3 d5 4. Bf4 Bg7 5. Rc1 c5 6. dxc5 Qa5 7. cxd5 O-O 8. e3 Ne4 9. Qb3 Bd7 10. Nf3 Nxc5 11. Qd1 Na4 1/2-1/2

[Event "NB2 Erkel csoport"]
[Site "Budapest"]
[Date "2024.12.01"]
[Round "3.6"]
[White "Janosi, Bence"]
[Black "Gara-Tarnoczi, Peter"]
[Result "1/2-1/2"]
[WhiteElo "1998"]
[BlackElo "2176"]
[PlyCount "35"]
[GameId "2119377520178641"]
[EventDate "2024.11.03"]
[EventType "team-tourn"]
[EventRounds "11"]
[EventCountry "HUN"]
[Source "chess.hu"]
[WhiteTeam "TFSE"]
[BlackTeam "EUTender-Sinus-SDSE"]
[WhiteTeamCountry "HUN"]
[BlackTeamCountry "HUN"]

1. d4 d5 2. c4 e6 3. Nf3 c5 4. cxd5 exd5 5. Bg5 Be7 6. Bxe7 Nxe7 7. dxc5 Qa5+ 8. Nc3 Nbc6 9. e3 Qxc5 10. Bd3 h6 11. O-O O-O 12. Rc1 Bg4 13. Be2 Rfd8 14. Nd4 Nxd4 15. exd4 Bxe2 16. Qxe2 Qd6 17. Rfe1 Nc6 18. Rcd1 1/2-1/2

[Event "NB2 Erkel csoport"]
[Site "Budapest"]
[Date "2024.12.01"]
[Round "3.7"]
[White "Vasyliv, Stanislav"]
[Black "Guber, Peter"]
[Result "1-0"]
[WhiteElo "2146"]
[BlackElo "1921"]
[PlyCount "37"]
[GameId "2119377467749825"]
[EventDate "2024.11.03"]
[EventType "team-tourn"]
[EventRounds "11"]
[EventCountry "HUN"]
[Source "chess.hu"]
[WhiteTeam "EUTender-Sinus-SDSE"]
[BlackTeam "TFSE"]
[WhiteTeamCountry "HUN"]
[BlackTeamCountry "HUN"]

1. Nf3 d5 2. c4 c6 3. e3 g6 4. d4 b6 5. Nc3 Bb7 6. cxd5 cxd5 7. Bb5+ Nd7 8. Bxd7+ Qxd7 9. Ne5 Qe6 10. Qa4+ Kd8 11. Ne2 g5 12. f4 Bg7 13. f5 Qxf5 14. Rf1 Qe6 15. Nxf7+ Kc7 16. e4 Qxe4 17. Nxg5 Bc6 18. Qa6 Qxg2 19. Rg1 1-0

[Event "NB2 Erkel csoport"]
[Site "Budapest"]
[Date "2024.12.01"]
[Round "3.8"]
[White "Molnar, Gabor"]
[Black "Nadasi, Balazs"]
[Result "1/2-1/2"]
[WhiteElo "2007"]
[BlackElo "2110"]
[PlyCount "22"]
[GameId "2119377400391089"]
[EventDate "2024.11.03"]
[EventType "team-tourn"]
[EventRounds "11"]
[EventCountry "HUN"]
[Source "chess.hu"]
[WhiteTeam "TFSE"]
[BlackTeam "EUTender-Sinus-SDSE"]
[WhiteTeamCountry "HUN"]
[BlackTeamCountry "HUN"]

1. d4 Nf6 2. Bf4 d5 3. e3 c5 4. Nc3 a6 5. dxc5 e6 6. Na4 Bxc5 7. Nxc5 Qa5+ 8. c3 Qxc5 9. Qd4 Qe7 10. Bxb8 Rxb8 11. Nf3 Bd7 1/2-1/2

[Event "NB2 Erkel csoport"]
[Site "Budapest"]
[Date "2024.12.01"]
[Round "3.9"]
[White "Kertesz, Aron Borsa"]
[Black "Csalami, Gabor"]
[Result "0-1"]
[WhiteElo "2030"]
[BlackElo "1972"]
[PlyCount "72"]
[GameId "2119377359689121"]
[EventDate "2024.11.03"]
[EventType "team-tourn"]
[EventRounds "11"]
[EventCountry "HUN"]
[Source "chess.hu"]
[WhiteTeam "EUTender-Sinus-SDSE"]
[BlackTeam "TFSE"]
[WhiteTeamCountry "HUN"]
[BlackTeamCountry "HUN"]

1. e4 c5 2. Nf3 a6 3. d4 cxd4 4. Nxd4 Nf6 5. Nc3 e5 6. Nb3 Bb4 7. Bg5 h6 8. Bxf6 Qxf6 9. Qd2 O-O 10. a3 Bxc3 11. Qxc3 Nc6 12. f3 Rd8 13. O-O-O d6 14. Bc4 Be6 15. Bd5 Rac8 16. Qe3 Bxd5 17. exd5 Ne7 18. g4 Rc7 19. h4 Rdc8 20. c3 Ng6 21. h5 Nf4 22. Rh2 b5 23. Rhd2 Rc4 24. Kb1 Qd8 25. Nc1 Qc7 26. Ne2 a5 27. Nxf4 exf4 28. Qe1 b4 29. cxb4 axb4 30. axb4 Rxb4 31. Rc1 Rc4 32. Rxc4 Qxc4 33. Qd1 Ra8 34. Rd3 Ra5 35. Qb3 Qc5 36. Qc3 Qg1+ 0-1

[Event "NB2 Erkel csoport"]
[Site "Budapest"]
[Date "2024.12.01"]
[Round "3.10"]
[White "Hangyal, Anna"]
[Black "Szabo, A. Martin"]
[Result "0-1"]
[WhiteElo "1928"]
[BlackElo "1947"]
[PlyCount "52"]
[GameId "2119377319490961"]
[EventDate "2024.11.03"]
[EventType "team-tourn"]
[EventRounds "11"]
[EventCountry "HUN"]
[Source "chess.hu"]
[WhiteTeam "TFSE"]
[BlackTeam "EUTender-Sinus-SDSE"]
[WhiteTeamCountry "HUN"]
[BlackTeamCountry "HUN"]

1. e4 c5 2. c3 d5 3. exd5 Qxd5 4. d4 Nc6 5. Nf3 cxd4 6. cxd4 e5 7. Nc3 Bb4 8. Bd2 Bxc3 9. Bxc3 e4 10. Nd2 Nf6 11. Nc4 Be6 12. Ne3 Qd7 13. Qd2 O-O 14. Nc4 Rfd8 15. Rd1 Rac8 16. Qg5 Nd5 17. Be2 f5 18. Ne3 Nce7 19. Rc1 h6 20. Qh5 Nf4 21. Qh4 Neg6 22. Qg3 Kh7 23. d5 Nxe2 24. dxe6 Qb5 25. Qh3 Nxc1 26. Qh5 Nd3+ 0-1